UBT Library

TEXTBOOK OF CLINICAL ECHOCARDIOGRAPHHY (Record no. 47151)

000 -LEADER
fixed length control field 00310nam a22001337a 4500
008 - FIXED-LENGTH DATA ELEMENTS--GENERAL INFORMATION
fixed length control field 180814b xxu||||| |||| 00| 0 eng d
020 ## - INTERNATIONAL STANDARD BOOK NUMBER
International Standard Book Number 9780721676692
041 ## - LANGUAGE CODE
Language code of text/sound track or separate title eng
080 ## - UNIVERSAL DECIMAL CLASSIFICATION NUMBER
Universal Decimal Classification number 616.12
100 ## - Rafti
Rafti 7
101 ## - Shkurtesa
Shkurtesa KAR
245 ## - TITLE STATEMENT
Title TEXTBOOK OF CLINICAL ECHOCARDIOGRAPHHY
Statement of responsibility, etc OTTO.C.M
942 ## - ADDED ENTRY ELEMENTS (KOHA)
Source of classification or shelving scheme
Item type Books

No items available.

UBT Library © 2015-2024. All rights reserved University Education for Business and Technology